000 01525nam a2200373Ia 4500
001 ebr10069616
003 CaPaEBR
006 m u
007 cr cn|||||||||
008 030226s2004 nyu sb 001 0 eng d
010 _z 2003044646
020 _z0306479680
020 _z0306477238
020 _z0306477246 (pbk.)
040 _aCaPaEBR
_cCaPaEBR
035 _a(OCoLC)70747260
050 1 4 _aRC552.P67
_bT72 2004eb
082 0 4 _a616.85/21
_221
245 0 0 _aTrauma interventions in war and peace
_h[electronic resource] :
_bprevention, practice, and policy /
_cedited by Bonnie L. Green ... [et al.] ; with special consultant Yael Danieli.
260 _aNew York :
_bKluwer Academic/Plenum Publishers,
_cc2004.
300 _axxiii, 388 p.
490 1 _aInternational and cultural psychology series
504 _aIncludes bibliographical references and index.
533 _aElectronic reproduction.
_bPalo Alto, Calif. :
_cebrary,
_d2009.
_nAvailable via World Wide Web.
_nAccess may be limited to ebrary affiliated libraries.
650 0 _aPost-traumatic stress disorder.
650 0 _aWar
_xPsychological aspects.
650 0 _aPeace
_xPsychological aspects.
650 0 _aMental health services.
655 7 _aElectronic books.
_2local
700 1 _aGreen, Bonnie L.
710 2 _aebrary, Inc.
830 0 _aInternational and cultural psychology series.
856 4 0 _uhttp://site.ebrary.com/lib/rucke/Doc?id=10069616
_zAn electronic book accessible through the World Wide Web; click to view
999 _c29399
_d29399